[Event "BL 1920 (Women)"]
[Site "Germany"]
[Date "2021.09.04"]
[Round "10.6"]
[White "Scheynin, Julia"]
[Black "Scognamiglio, Stefanie"]
[Result "1-0"]
[WhiteElo "1994"]
[BlackElo "2097"]
[PlyCount "79"]
[EventDate "2019.09.14"]
[EventType "team-tourn"]
[EventRounds "11"]
[EventCountry "GER"]
[SourceTitle "EXT 2022"]
[Source "ChessBase"]
[SourceDate "2021.10.06"]
[SourceVersion "1"]
[SourceVersionDate "2021.10.06"]
[SourceQuality "1"]
[WhiteTeam "Karlsruhe (W)"]
[BlackTeam "Hamburger SK (W)"]
[WhiteTeamCountry "GER"]
[BlackTeamCountry "GER"]

1. e4 c5 2. Nc3 Nc6 3. d3 d6 4. g3 g6 5. Bg2 Bg7 6. f4 e6 7. Nf3 Nge7 8. 0-0 0-0 9. Bd2 d5 10. Rb1 Rb8 11. e5 f6 12. exf6 Bxf6 13. Re1 b5 14. Ne2 Nf5 15. c3 Qd6 16. a3 Rd8 17. b4 d4 18. cxd4 Nfxd4 19. Nexd4 Nxd4 20. Nxd4 Bxd4+ 21. Kh1 c4 22. dxc4 bxc4 23. Qc2 Bb7 24. Qxc4 Bxg2+ 25. Kxg2 Rbc8 26. Qb3 Qc6+ 27. Kh3 Kf7 28. Rbc1 Qd5 29. Qxd5 exd5 30. Rxc8 Rxc8 31. Rc1 Rc4 32. Kg2 Bb2 33. Rd1 d4 34. Kf3 Ke6 35. Ke4 Rc7 36. a4 Kd6 37. Kd3 Kd5 38. Re1 Bc3 39. Re5+ Kd6 40. Bxc3 1-0

[Event "Stuttgart-chA int"]
[Site "Ditzingen"]
[Date "2018.05.13"]
[Round "7"]
[White "Guenther, Patrick"]
[Black "Scheynin, Julia"]
[Result "1/2-1/2"]
[WhiteElo "2072"]
[BlackElo "1986"]
[PlyCount "20"]
[EventDate "2018.05.10"]
[EventType "swiss"]
[EventRounds "7"]
[EventCountry "GER"]
[SourceTitle "EXT 2020"]
[Source "ChessBase"]
[SourceDate "2019.10.17"]
[SourceVersion "1"]
[SourceVersionDate "2019.10.17"]
[SourceQuality "1"]

1. Nf3 d5 2. c4 e6 3. g3 Nf6 4. Bg2 Be7 5. 0-0 0-0 6. d4 c6 7. b3 b6 8. Nc3 Bb7 9. Ne5 Nbd7 10. Bf4 Rc8 1/2-1/2

[Event "Stuttgart-chA int"]
[Site "Ditzingen"]
[Date "2018.05.11"]
[Round "3"]
[White "Meissner, Mogens"]
[Black "Scheynin, Julia"]
[Result "0-1"]
[WhiteElo "1797"]
[BlackElo "1986"]
[PlyCount "88"]
[EventDate "2018.05.10"]
[EventType "swiss"]
[EventRounds "7"]
[EventCountry "GER"]
[SourceTitle "EXT 2020"]
[Source "ChessBase"]
[SourceDate "2019.10.17"]
[SourceVersion "1"]
[SourceVersionDate "2019.10.17"]
[SourceQuality "1"]

1. e4 e6 2. d3 d5 3. Nd2 Nf6 4. Ngf3 b6 5. c3 Bb7 6. e5 Nfd7 7. d4 c5 8. Bb5 Be7 9. 0-0 0-0 10. Re1 a6 11. Bd3 Nc6 12. Nf1 Rc8 13. a3 b5 14. Ng3 Re8 15. Bf4 Nf8 16. Rc1 cxd4 17. cxd4 Na5 18. Rxc8 Qxc8 19. h4 Nc4 20. Re2 Qd7 21. Rc2 Rc8 22. h5 a5 23. Qc1 a4 24. h6 g6 25. Bg5 Qd8 26. Qf4 Nd7 27. Qg4 Rc6 28. Bc1 f5 29. Qf4 Nf8 30. Nf1 Ba6 31. Ng5 Qc8 32. g4 Na5 33. Rxc6 Nxc6 34. gxf5 exf5 35. Qf3 Nxd4 36. Qxd5+ Nde6 37. Be3 Bb7 38. Qa2 Qc6 39. Be4 fxe4 40. b4 axb3 41. Qxb3 Bxg5 42. Qb4 Bxe3 43. fxe3 Qc5 44. Qe1 Qe7 0-1

[Event "BL 1718 (Women)"]
[Site "Germany"]
[Date "2018.03.25"]
[Round "11.5"]
[White "Gheng, Simona"]
[Black "Scheynin, Julia"]
[Result "1/2-1/2"]
[WhiteElo "2004"]
[BlackElo "1962"]
[PlyCount "32"]
[EventDate "2017.10.01"]
[EventType "team-tourn"]
[EventRounds "11"]
[EventCountry "GER"]
[SourceTitle "EXT 2019"]
[Source "ChessBase"]
[SourceDate "2018.10.10"]
[SourceVersion "1"]
[SourceVersionDate "2018.10.10"]
[SourceQuality "1"]
[WhiteTeam "Deizisau (W)"]
[BlackTeam "Karlsruhe (W)"]
[WhiteTeamCountry "GER"]
[BlackTeamCountry "GER"]

1. e4 e6 2. d4 d5 3. Nd2 Nf6 4. Bd3 c5 5. exd5 Nxd5 6. Ngf3 cxd4 7. 0-0 Nc6 8. Nb3 Be7 9. Nbxd4 Nxd4 10. Nxd4 0-0 11. c3 Re8 12. Qc2 g6 13. Rd1 a6 14. Nf3 Qc7 15. Bg5 Bxg5 16. Nxg5 Nf6 1/2-1/2

[Event "BL 1718 (Women)"]
[Site "Germany"]
[Date "2018.03.24"]
[Round "10.4"]
[White "Javakhishvili, Lela"]
[Black "Scheynin, Julia"]
[Result "1-0"]
[WhiteElo "2438"]
[BlackElo "1962"]
[PlyCount "37"]
[EventDate "2017.10.01"]
[EventType "team-tourn"]
[EventRounds "11"]
[EventCountry "GER"]
[SourceTitle "EXT 2019"]
[Source "ChessBase"]
[SourceDate "2018.10.10"]
[SourceVersion "1"]
[SourceVersionDate "2018.10.10"]
[SourceQuality "1"]
[WhiteTeam "Schwaebisch Hall (W)"]
[BlackTeam "Karlsruhe (W)"]
[WhiteTeamCountry "GER"]
[BlackTeamCountry "GER"]

1. d4 d5 2. Nf3 Nf6 3. Bf4 e6 4. e3 Be7 5. Bd3 0-0 6. Nbd2 c5 7. c3 c4 8. Bc2 b5 9. Ne5 Bb7 10. Qb1 b4 11. g4 bxc3 12. bxc3 Qb6 13. g5 Nfd7 14. Bxh7+ Kh8 15. Bc2 Nxe5 16. Bxe5 Bxg5 17. Qd1 f6 18. Qh5+ Bh6 19. Bf4 1-0

[Event "BL 1718 (Women)"]
[Site "Germany"]
[Date "2017.12.17"]
[Round "5.6"]
[White "Lobzhanidze, Anna Luise"]
[Black "Scheynin, Julia"]
[Result "0-1"]
[WhiteElo "1974"]
[BlackElo "1962"]
[PlyCount "52"]
[EventDate "2017.10.01"]
[EventType "team-tourn"]
[EventRounds "11"]
[EventCountry "GER"]
[SourceTitle "EXT 2019"]
[Source "ChessBase"]
[SourceDate "2018.10.10"]
[SourceVersion "1"]
[SourceVersionDate "2018.10.10"]
[SourceQuality "1"]
[WhiteTeam "Hofheim (W)"]
[BlackTeam "Karlsruhe (W)"]
[WhiteTeamCountry "GER"]
[BlackTeamCountry "GER"]

1. e4 e6 2. d4 d5 3. Nc3 Nf6 4. Bg5 Be7 5. e5 Nfd7 6. Bxe7 Qxe7 7. f4 a6 8. Nf3 c5 9. Be2 Nc6 10. dxc5 Qxc5 11. Qd2 b5 12. Nd1 f6 13. exf6 Nxf6 14. Nf2 0-0 15. Bd3 Bb7 16. 0-0 Ne4 17. Qc1 e5 18. fxe5 Nxe5 19. Bxe4 dxe4 20. Nxe5 Qxe5 21. Re1 Rae8 22. Re3 Rf7 23. Ng4 Qc5 24. h3 Ref8 25. Qd2 h5 26. b4 Qg5 0-1

[Event "BL 1516 (Women)"]
[Site "Germany"]
[Date "2016.03.19"]
[Round "10.5"]
[White "Scheynin, Julia"]
[Black "Schoene, Maria"]
[Result "0-1"]
[WhiteElo "2028"]
[BlackElo "2278"]
[PlyCount "148"]
[EventDate "2015.09.26"]
[EventType "team-tourn"]
[EventRounds "11"]
[EventCountry "GER"]
[SourceTitle "EXT 2017"]
[Source "ChessBase"]
[SourceDate "2016.10.25"]
[SourceVersion "1"]
[SourceVersionDate "2016.10.25"]
[SourceQuality "1"]
[WhiteTeam "Karlsruhe (W)"]
[BlackTeam "Bad Koenigshofen (W)"]
[WhiteTeamCountry "GER"]
[BlackTeamCountry "GER"]

1. e4 c5 2. Nc3 Nc6 3. g3 g6 4. Bg2 Bg7 5. d3 d6 6. f4 e6 7. Nf3 Nge7 8. 0-0 0-0 9. Bd2 Rb8 10. Rb1 b5 11. a3 b4 12. axb4 Rxb4 13. b3 Qc7 14. Kh1 Bd7 15. Ne2 Rbb8 16. Bc3 Bxc3 17. Nxc3 Nd4 18. Ne2 Nxf3 19. Bxf3 f5 20. Qd2 Bc6 21. Ra1 Rb4 22. Nc3 Qb7 23. Qe2 Re8 24. Qg2 Kh8 25. Rae1 a5 26. exf5 Bxf3 27. Qxf3 Nxf5 28. Qxb7 Rxb7 29. Rf2 Kg7 30. Kg2 Nd4 31. Ra1 Ra7 32. Re1 Ra6 33. g4 Rf8 34. Ref1 Ra7 35. Ne4 d5 36. Nd2 Nxc2 37. Rc1 Nb4 38. Rf3 Raf7 39. Kg3 Rxf4 40. Rxc5 Rxf3+ 41. Nxf3 Nxd3 42. Rxa5 h6 43. g5 hxg5 44. Nxg5 Re8 45. Ra7+ Kf6 46. h4 Rb8 47. Rf7+ Ke5 48. Nf3+ Kd6 49. Nd2 Nc5 50. Rf3 Rb4 51. Rf6 Nxb3 52. Nf3 d4 53. Rxg6 d3 54. Rg8 Nd4 55. Nd2 Nf5+ 56. Kf2 Ke5 57. h5 Kd4 58. Nf3+ Kc3 59. Rc8+ Rc4 60. Rd8 Re4 61. Rc8+ Kb2 62. Rb8+ Kc1 63. Rc8+ Kd1 64. Rd8 Re2+ 65. Kg1 d2 66. Ra8 Kc2 67. Ra2+ Kd3 68. Ra3+ Ke4 69. Ng5+ Kf4 70. Nh3+ Kg4 71. Rd3 d1Q+ 72. Rxd1 Kxh3 73. Kf1 Ng3+ 74. Kg1 Rg2# 0-1

[Event "BL2 Sued 1314 (Women)"]
[Site "Germany"]
[Date "2014.01.26"]
[Round "3.5"]
[White "Weber, Kristina"]
[Black "Scheynin, Julia"]
[Result "0-1"]
[WhiteElo "1574"]
[BlackElo "2017"]
[PlyCount "76"]
[EventDate "2013.11.30"]
[EventType "team-tourn"]
[EventRounds "7"]
[EventCountry "GER"]
[SourceTitle "EXT 2018"]
[Source "ChessBase"]
[SourceDate "2017.10.13"]
[SourceVersion "1"]
[SourceVersionDate "2017.10.13"]
[SourceQuality "1"]
[WhiteTeam "Mutterstadt (W)"]
[BlackTeam "Karlsruhe (W)"]
[WhiteTeamCountry "GER"]
[BlackTeamCountry "GER"]

1. d4 d5 2. c4 e6 3. Nc3 Nf6 4. e3 Be7 5. Nf3 b6 6. Ne5 0-0 7. Bd3 Bb7 8. cxd5 exd5 9. 0-0 Nbd7 10. Nxd7 Qxd7 11. Qf3 Rab8 12. Bd2 a6 13. Bf5 Qd8 14. g4 g6 15. Bc2 c5 16. Rad1 Bc8 17. h3 Be6 18. Bc1 Qc8 19. e4 dxe4 20. Nxe4 Nxe4 21. Bxe4 b5 22. Bh6 Rd8 23. d5 Bd7 24. Qc3 Bf8 25. Bf4 b4 26. Qg3 Rb5 27. b3 Re8 28. Rfe1 Ra5 29. Bb1 c4 30. Rxe8 Bxe8 31. bxc4 Qxc4 32. d6 Bd7 33. Rc1 Qe6 34. f3 Qd5 35. h4 Ra3 36. Be4 Qxa2 37. Rc7 Qa1+ 38. Rc1 Qd4+ 0-1

[Event "BL 1011 (Women)"]
[Site "Germany"]
[Date "2010.11.07"]
[Round "2.6"]
[White "Mikliaeva, Darja S"]
[Black "Scheynin, Julia"]
[Result "1-0"]
[WhiteElo "2144"]
[BlackElo "2011"]
[PlyCount "61"]
[EventDate "2010.11.06"]
[EventType "team-tourn"]
[EventRounds "11"]
[EventCountry "GER"]
[SourceTitle "EXT 2012"]
[Source "ChessBase"]
[SourceDate "2011.11.24"]
[SourceVersion "1"]
[SourceVersionDate "2011.11.24"]
[SourceQuality "1"]
[WhiteTeam "Bad Koenigshofen (W)"]
[BlackTeam "Karlsruhe (W)"]
[WhiteTeamCountry "GER"]
[BlackTeamCountry "GER"]

1. e4 e6 2. d4 d5 3. Nc3 Nf6 4. exd5 exd5 5. Bd3 c6 6. h3 Be7 7. Nf3 0-0 8. 0-0 Nbd7 9. Ne2 Re8 10. Ng3 Nf8 11. Ne5 Bd6 12. f4 a6 13. Kh1 c5 14. dxc5 Bxc5 15. b3 Qc7 16. Bb2 b5 17. Nh5 Nxh5 18. Qxh5 Bb7 19. c4 bxc4 20. bxc4 d4 21. Nxf7 g6 22. Nh6+ Kg7 23. Qh4 Bxg2+ 24. Kxg2 Qb7+ 25. Kg1 Qxb2 26. Rab1 Qd2 27. Rb7+ Re7 28. Ng4 Kf7 29. Qf6+ Ke8 30. Rxe7+ Bxe7 31. Qc6+ 1-0

[Event "BL 0809 (Women)"]
[Site "Germany"]
[Date "2009.01.25"]
[Round "7.6"]
[White "Scheynin, Julia"]
[Black "Seils, Gudula"]
[Result "0-1"]
[WhiteElo "2029"]
[BlackElo "2065"]
[PlyCount "86"]
[EventDate "2008.11.08"]
[EventType "team-tourn"]
[EventRounds "11"]
[EventCountry "GER"]
[SourceTitle "EXT 2010"]
[Source "ChessBase"]
[SourceDate "2010.11.25"]
[SourceVersion "1"]
[SourceVersionDate "2010.11.25"]
[SourceQuality "1"]
[WhiteTeam "Karlsruhe 1853 (W)"]
[BlackTeam "Pankow Rotation (W)"]
[WhiteTeamCountry "GER"]
[BlackTeamCountry "GER"]

1. Nf3 d5 2. g3 g6 3. Bg2 Bg7 4. d3 c5 5. Nbd2 Nc6 6. 0-0 e5 7. e4 d4 8. a4 Nge7 9. Nc4 0-0 10. Qe2 Be6 11. b3 h6 12. Ne1 Qd7 13. f4 exf4 14. Bxf4 g5 15. Bd2 Ng6 16. Nf3 Rae8 17. Qd1 Bg4 18. Qc1 Bh3 19. Ne1 Nce5 20. Nxe5 Nxe5 21. Rf2 Bxg2 22. Kxg2 f5 23. Qd1 fxe4 24. Rxf8+ Rxf8 25. dxe4 Qf7 26. Nd3 Nxd3 27. cxd3 Qf2+ 28. Kh1 Qf3+ 29. Qxf3 Rxf3 30. Rb1 Rxd3 31. Rb2 Rf3 32. Kg2 g4 33. h3 h5 34. hxg4 hxg4 35. Bf4 Rc3 36. Bd2 Rf3 37. Bf4 Kf7 38. Bb8 a6 39. Bd6 Rc3 40. Bf4 Ke6 41. b4 c4 42. b5 Rb3 43. Rc2 c3 0-1

[Event "Metz op 23rd"]
[Site "Metz"]
[Date "2005.04.22"]
[Round "7"]
[White "Scheynin, Julia"]
[Black "Marechal, Andy"]
[Result "0-1"]
[WhiteElo "2044"]
[BlackElo "2268"]
[PlyCount "78"]
[EventDate "2005.04.16"]
[EventType "swiss"]
[EventRounds "9"]
[EventCountry "FRA"]
[SourceTitle "CBM 105 Extra"]
[Source "ChessBase"]
[SourceDate "2005.05.01"]
[SourceVersion "1"]
[SourceVersionDate "2005.05.01"]
[SourceQuality "1"]

1. Nf3 g6 2. g3 Bg7 3. Bg2 c5 4. d3 Nc6 5. e4 e5 6. 0-0 Nge7 7. c3 0-0 8. Be3 d6 9. Qc1 Rb8 10. Bh6 f6 11. Bxg7 Kxg7 12. Nbd2 Be6 13. Rd1 d5 14. Nf1 d4 15. c4 Qd6 16. h4 h6 17. N3h2 f5 18. exf5 gxf5 19. f3 Ng8 20. Re1 Nf6 21. Qd2 Rbe8 22. b3 Bd7 23. a3 e4 24. fxe4 fxe4 25. dxe4 Ne5 26. Rad1 Nfg4 27. Qb2 Qg6 28. Nxg4 Bxg4 29. Rd2 Rf3 30. Qc2 Ref8 31. b4 Rc3 32. Qa2 b6 33. bxc5 bxc5 34. Rc2 Rxc2 35. Qxc2 Qa6 36. Rc1 Qxa3 37. Kh2 Be6 38. Nd2 Ng4+ 39. Kh1 Qxg3 0-1

[Event "Metz op 23rd"]
[Site "Metz"]
[Date "2005.04.17"]
[Round "2"]
[White "Pytel, Krzysztof"]
[Black "Scheynin, Julia"]
[Result "1-0"]
[WhiteElo "2384"]
[BlackElo "2044"]
[PlyCount "71"]
[EventDate "2005.04.16"]
[EventType "swiss"]
[EventRounds "9"]
[EventCountry "FRA"]
[SourceTitle "CBM 105 Extra"]
[Source "ChessBase"]
[SourceDate "2005.05.01"]
[SourceVersion "1"]
[SourceVersionDate "2005.05.01"]
[SourceQuality "1"]

1. c4 e6 2. Nf3 d5 3. d4 Nf6 4. Nc3 Be7 5. Bf4 c6 6. e3 0-0 7. h3 Nbd7 8. Bd3 Re8 9. 0-0 Nf8 10. c5 Ng6 11. Bh2 Nd7 12. e4 b6 13. exd5 exd5 14. b4 a5 15. a3 b5 16. Re1 Ba6 17. a4 axb4 18. axb5 Bb7 19. Na2 Qa5 20. Qd2 b3 21. Qxa5 Rxa5 22. bxc6 Bxc6 23. Nb4 Ba4 24. Nxd5 Kf8 25. Nc3 Rea8 26. Rab1 Bc6 27. Rxb3 Ra3 28. Rxa3 Rxa3 29. Be4 Bxe4 30. Nxe4 f5 31. Neg5 h6 32. Ne6+ Kf7 33. Nf4 Nxf4 34. Bxf4 g5 35. Ne5+ Nxe5 36. Bxe5 1-0

[Event "Metz op 23rd"]
[Site "Metz"]
[Date "2005.??.??"]
[Round "5"]
[White "Scheynin, Julia"]
[Black "Krob, Laurent"]
[Result "1/2-1/2"]
[WhiteElo "2044"]
[BlackElo "2140"]
[PlyCount "56"]
[EventDate "2005.04.16"]
[EventType "swiss"]
[EventRounds "9"]
[EventCountry "FRA"]
[SourceTitle "EXT 2007"]
[Source "ChessBase"]
[SourceDate "2006.11.23"]
[SourceVersion "1"]
[SourceVersionDate "2006.11.23"]
[SourceQuality "1"]

1. Nf3 d6 2. g3 Nf6 3. Bg2 c6 4. d3 e5 5. e4 Nbd7 6. 0-0 Be7 7. c3 h6 8. Qc2 g5 9. Nbd2 Nf8 10. d4 Ng6 11. dxe5 dxe5 12. Nc4 Qc7 13. b3 Be6 14. Ne3 g4 15. Ne1 h5 16. Nf5 0-0-0 17. Nxe7+ Qxe7 18. Be3 b6 19. Nd3 Nd7 20. Nb4 Kb7 21. Qe2 Nb8 22. Rfd1 h4 23. Bf1 hxg3 24. fxg3 f6 25. Na6 Nd7 26. Nb4 Qh7 27. Rd2 Nb8 28. Rad1 Qe7 1/2-1/2